Thailand : The war that is, the war that will be
Sparad:
| Huvudupphovsman: | |
|---|---|
| Materialtyp: | Bok |
| Språk: | Undetermined |
| Publicerad: |
New York
Vintage Books
1967
|
| Ämnen: | |
| Taggar: |
Lägg till en tagg
Inga taggar, Lägg till första taggen!
|
| Thư viện lưu trữ: | Trung tâm Học liệu Trường Đại học Cần Thơ |
|---|
| LEADER | 00545nam a2200205Ia 4500 | ||
|---|---|---|---|
| 001 | CTU_91541 | ||
| 008 | 210402s9999 xx 000 0 und d | ||
| 082 | |a 959.3 | ||
| 082 | |b L839 | ||
| 100 | |a Lomax, Lousis E. | ||
| 245 | 0 | |a Thailand : | |
| 245 | 4 | |b The war that is, the war that will be | |
| 245 | 0 | |c Lousis E. Lomax | |
| 260 | |a New York | ||
| 260 | |b Vintage Books | ||
| 260 | |c 1967 | ||
| 650 | |a Guerrillas,Communism | ||
| 650 | |z Thailand,Thailand | ||
| 904 | |i Mai Loan | ||
| 980 | |a Trung tâm Học liệu Trường Đại học Cần Thơ | ||